| 000 | 00734nam a2200205Ia 4500 | ||
|---|---|---|---|
| 003 | GCL | ||
| 008 | 140319s9999 xx 000 0 ara d | ||
| 040 |
_aGCL / _cGCL |
||
| 082 | 0 | 4 |
_a001.6424 _bا ت |
| 100 | 1 | _aانيس حبلى | |
| 245 | 1 | 0 |
_aتصميم العاب الكمبيوتر بلغة الالة والباسيك (جهاز السبكتروم) / _cانيس حبلى |
| 260 |
_a[S.N] : _bدار الراتب الجامعية |
||
| 300 | _a200 ص | ||
| 490 |
_aموسوعة العقل الالكترونى _v0 |
||
| 650 | 0 | 4 | _aالحاسبات الالكترونية |
| 650 | 0 | 4 | _aباسيك |
| 650 | 0 | 4 | _aالعاب الكمبيوتر |
| 650 | 0 | 4 | _aبرامج الحاسبات الالكترونية |
| 942 |
_2ddc _cBK |
||
| 999 |
_c49433 _d49433 |
||